00433nam a2200193Ia 4500003000900000008004100009040001300050040001300063041000800076100002400084245004800108250001100156260001500167260000900182300001000191300001200201490001900213490000700232IT-RoPAU120407s9999 xx 000 0 und d aIT-RoPAU cIT-RoPAU aita aM. Giuseppe Besutti aFacciamo il punto sulle apparizioni mariane aTorino aElle Di Ci c1988 a39 p. c18,5 cm aMondo nuovo,94 v18